| 000 | nam a22 7a 4500 | ||
|---|---|---|---|
| 999 |
_c330156 _d330156 |
||
| 003 | NUST | ||
| 005 | 20170612110656.0 | ||
| 008 | 170612b xxu||||| |||| 00| 0 eng d | ||
| 022 | _20367-4045 | ||
| 040 | _c0 | ||
| 082 | _a555.49 MOH | ||
| 245 |
_aProceeding Of The 3rd Pakistan Geological Congress: _bPeshawar University Octorber 27-30, 1997 _cEdited by Mohammad Majid, S.Shafiq ur Rehman |
||
| 260 |
_aPeshawar _bGeological Bulletin _c1997 |
||
| 300 | _a336p. | ||
| 500 | _aP.B | ||
| 942 |
_2ddc _cBK _k555.49 MOH |
||